01190na a2200337 450000100060000000300080000600500170001400800410003102000180007204000250009004100080011508200250012309000240014810000180017224500470019024600190023726000630025630000190031944000250033865000480036365000640041165000650047565000360054065000300057665000570060665000360066374000190069994200130071895201060073199900150083723391MIRAKIL20181213155137.0170922b tu 000 0  a9789944612012 aMilasbturcTR-AnCHP atur a320.9561bA81e 22017 a320.9561 A81e 22017 aAvcı, Hanefi aErken uyarıbDevlet bilgisicHanefi Avcı aDevlet bilgisi aİstanbulbTekin Yayınevic2017fYaylacık matbaacılık a583 s.c21 sm. aTekin yayıneviv651 aAnayasa değişikliğixReferandum, 2017 aTürkiyexSiyasal yaşamyAnayasa değişikliği, 2017 aFethullahçı Terör Örgütü (FETÖ)x15 Temmuz 2016 aGülen cemaativ15 Temmuz 2016 aSiyaset ve dinxTürkiye aSiyaset ve yönetimxAKP iktidarıyDış politika aSiyaset ve yönetimxTürkiye aDevlet bilgisi 2ddccBKS a0001b0001d2017-09-22e2l0o320.9561 A81e 22017p017375r2017-09-22 00:00:00v0.00w2017-09-22yBKS c7379d7379